000 01376nam a2200253Ia 4500
003 Ost
005 20260507074922.0
008 260507s9999||||xx |||||||||||||| ||und||
020 _a9957323010
040 _cfsecg
041 _aara
082 _a658.45
100 _aصباح، حميد علي
_eمؤلف
245 0 _aالاتصالات الادارية :
_bاسس ومفاهيم ومراسلات /
_c حميد علي صباح
260 _aعمان:
_bدار الحامد,
_c2007
300 _a253 صفحة؛
_bإيضاحات ؛
_c25 سم
504 _aببليوغرافيا: ص.251
520 _aمفهوم وأهمية الاتصال، أدوات ومهارات الاتصال الجماعي: الاستمتاع، قبول الاختلافات، فريق العمل، ادارة الصراع، ادارة الاجتماعات، فن التفاوض، المقابلة، حل المشكلات، تقنيات الاتصال الاداري: مهارات العرض الفعال، الاتصال باستخدام الحاسوب ونظام الشبكات، أدوات الاتصال الكتابي: الرسائل، المذكرات، تقارير العمل
653 _aالاتصال
653 _aالاتصالات الادارية
653 _aالادارة
700 _aابو زيتون، غازي فرحان
_eمؤلف ثانوي
942 _cكتاب
999 _c41806
_d41806